000 00617cam a2200241 4500
001 J3500
008 090401t1996 xxu||||| |||| 00| 0 eng d
035 _a(Sirsi) u55422
041 _aeng
050 _a333.336
110 _aWeatherall Green and Smith
_92055
245 _aIndustrial rent survey. - Spring 1996
260 _aLondon
_bWeatherall Green and Smith
_c1996
300 _a1pt. ; 30cm.
350 _a0
650 _aINDUSTRIAL PROPERTY
650 _aINDUSTRIAL RENT SURVEY
650 _aRENT
650 _aYIELDS
690 _aPROPERTY-COMMERCIAL PROPERTY
942 _n0
948 _c04/03/1997
999 _c93606
_d93606